• 首页
  • 本馆介绍
  • 公告通知
  • 最新文献
  • 馆藏检索
  • 电子资源
  • 读者导购
  • 参考咨询
  • 我的图书馆
  • 登录
  • 详细信息显示
  • 放入我的书架
  • 预约/预借图书
  • 作者相关作品
  • 分类相关作品
  • 丛书相关作品
  • 出版社相关作品

书目信息

  • 表格格式
  • 工作单格式
  • 卡片格式
题名:
化学选矿
    
 
作者: 切尔尼亚克 著 ;郑飞 译
分册:  
出版信息: 北京   中国建筑工业出版社  1982
页数: 318页
开本: 19cm
丛书名:
单 册:
中图分类: TD925.6
科图分类:
主题词: 化学-选矿方法 , 选矿方法-化学
电子资源:
ISBN:
000 00796nam0 2200265 45
001 0182010578
005 20060818172022.76
010    @dCNY1.10
091    @a15040.4148
100    @a19950421d1982 emky0chiy0121 ea
101 1  @achi@crus
102    @aCN@b110000
105    @ay z 000yy
200 10 @a化学选矿@Ahua xue xuan kuang@f(苏)А·С·切尔尼亚克著@F(su)А·С·qie er ni ya ke zhu@g郑飞译
210    @a北京@c中国建筑工业出版社@d1982
215    @a318页@d19cm
510 1  @aХимическое обогащение руд@zrus
606    @a化学-选矿方法
606    @a选矿方法-化学
690    @aTD925.6@v3
701  0 @a切尔尼亚克@Aqie er ni ya ke@4著
702  0 @a郑飞@Azheng fei@4译
801  2 @aCN@bNLC@c20060818
801  0 @aCN@bTSSF@c20060815
905    @a10447@dTD925.6@e9
    
    化学选矿/(苏)А·С·切尔尼亚克著/郑飞译.-北京:中国建筑工业出版社,1982
    318页;19cm
    
    
    ISBN :CNY1.10
    
●
相关链接 在E读中查询图书 在五车中查询图书 在当当中查询图书 在豆瓣中查询图书


正题名:化学选矿     索取号:TD925.6/9         预约/预借

序号 登录号 条形码 馆藏地/架位号 状态 备注
1 0421349   204213494   密集书库/ [索取号:TD925.6/9] 在馆    
2 0458483   204584832   密集书库/ [索取号:TD925.6/9] 在馆    
3 0458873   204588730   密集书库/ [索取号:TD925.6/9] 在馆    
唐山师范学院图书馆 欢迎您!
大连网信软件有限公司© 版权所有